German Nobel Prize Laureates - Statistics

General Stats
  • This quiz has been taken 7 times
  • The average score is 21 of 91
Answer Stats
Hint Answer % Correct
1921 Physics Albert Einstein
100%
1971 Peace Willy Brandt
83%
1999 Literature Günter Grass
67%
1918 Chemistry Fritz Haber
50%
1972 Literature Heinrich Böll
50%
1918 Physics Max Planck
50%
1905 Medicine Robert Koch
50%
1929 Literature Thomas Mann
50%
1901 Physics Wilhelm Conrad Röntgen
50%
1902 Chemistry Emil Fischer
33%
1901 Medicine Emil von Behring
33%
1973 Chemistry Ernst Otto Fischer
33%
1931 Chemistry Friedrich Bergius & Carl Bosch
33%
1912 Literature Gerhart Hauptmann
33%
1930 Chemistry Hans Fischer
33%
1946 Literature Hermann Hesse
33%
2009 Literature Herta Müller
33%
1925 Physics James Franck & Gustav Hertz
33%
1908 Medicine Paul Ehrlich
33%
1902 Literature Theodor Mommsen
33%
1932 Physics Werner Heisenberg
33%
1939 Chemistry Adolf Butenandt
17%
1905 Chemistry Adolf von Baeyer
17%
1928 Chemistry Adolf Windaus
17%
1952 Peace Albert Schweitzer
17%
1910 Medicine Albrecht Kossel
17%
2021 Chemistry Benjamin List
17%
1970 Medicine Bernard Katz
17%
1935 Peace Carl von Ossietzky
17%
1995 Medicine Christiane Nüsslein-Volhard
17%
1907 Chemistry Eduard Buchner
17%
1945 Medicine Ernst Boris Chain
17%
1986 Physics Ernst Ruska & Gerd Binnig
17%
1991 Medicine Erwin Neher & Bert Sakmann
17%
1964 Medicine Feodor Lynen & Konrad Bloch
17%
1909 Physics Ferdinand Braun
17%
1984 Medicine Georges Köhler
17%
1979 Chemistry Georg Wittig
17%
1939 Medicine Gerhard Domagk
17%
2007 Chemistry Gerhard Ertl
17%
1971 Chemistry Gerhard Herzberg
17%
1999 Medicine Günter Blobel
17%
1926 Peace Gustav Stresemann
17%
1953 Medicine Hans Adolf Krebs
17%
1935 Medicine Hans Spemann
17%
1929 Chemistry Hans von Euler-Chelpin
17%
2008 Medicine Harald zur Hausen
17%
1927 Chemistry Heinrich Otto Wieland
17%
1973 Peace Henry Kissinger
17%
2000 Physics Herbert Kroemer
17%
1953 Chemistry Hermann Staudinger
17%
1998 Physics Horst L. Störmer
17%
1987 Physics J. Georg Bednorz
17%
1963 Physics J. Hans D. Jensen & Maria Goeppert-Mayer
17%
2017 Chemistry Joachim Frank
17%
1988 Chemistry Johann Deisenhofer & Hartmut Michel & Robert Huber
17%
1919 Physics Johannes Stark
17%
1938 Chemistry Johann Richard Kuhn
17%
1973 Medicine Karl von Frisch
17%
1963 Chemistry Karl Ziegler
17%
2021 Physics Klaus Hasselmann
17%
1985 Physics Klaus von Klitzing
17%
1928 Peace Ludwig Quidde
17%
1967 Chemistry Manfred Eigen
17%
1954 Physics Max Born & Walther Bothe
17%
1969 Medicine Max Delbrück
17%
1914 Physics Max von Laue
17%
1966 Literature Nelly Sachs
17%
1950 Chemistry Otto Diehls & Kurt Alder
17%
1922 Medicine Otto Fritz Meyerhof
17%
1944 Chemistry Otto Hahn
17%
1931 Medicine Otto Heinrich Warburg
17%
1936 Medicine Otto Loewi
17%
1910 Chemistry Otto Wallach
17%
1910 Literature Paul Heyse
17%
2007 Physics Peter Grünberg
17%
1905 Physics Philipp Lennard
17%
2020 Physics Reinhard Genzel
17%
1994 Economics Reinhard Selten
17%
1915 Chemistry Richard Willstätter
17%
1908 Literature Rudolf Christoph Eucken
17%
1961 Physics Rudolf Mößbauer
17%
2014 Chemistry Stefan Hell
17%
2005 Physics Theodor W. Hänsch
17%
2013 Medicine Thomas C. Südhof
17%
1920 Chemistry Walther Nernst
17%
1956 Medicine Werner Forßmann
17%
1909 Chemistry Wilhelm Ostwald
17%
1911 Physics Wilhelm Wien
17%
2001 Physics Wolfgang Ketterle
17%
1989 Physics Wolfgang Paul & Hans Georg Dehmelt
17%
No matching quizzes found
Score Distribution
Percent of People with Each Score
Percentile by Number Answered
Your Score History
You have not taken this quiz